[Event "AUT-chT 1999/2000"]
[Site "Melk"]
[Date "1999.10.23"]
[Round "2.6.5"]
[White "Neumeier, Klaus"]
[Black "Penz, Harald"]
[Result "1-0"]
[WhiteElo "2272"]
[BlackElo "2403"]
[PlyCount "49"]
[EventDate "1999.10.23"]

1. e4 e5 2. Nf3 Nf6 3. d4 Nxe4 4. Bd3 d5 5. Nxe5 Nd7 6. Nxd7 Bxd7 7. O-O Qh4 8.
g3 Qh3 9. f3 Nf6 10. Re1+ Be6 11. Re5 g5 12. Bf5 Qh5 13. g4 Qh3 14. Bxe6 fxe6
15. Bxg5 Ng8 16. Qe2 Kf7 17. Nd2 h5 18. Re1 Bd6 19. Rxe6 hxg4 20. Rxd6 cxd6 21.
fxg4 Kg6 22. Qe6+ Kg7 23. Qd7+ Kg6 24. Qf5+ Kg7 25. Bf6+ 1-0

[Event "AUT-chT 1999/2000"]
[Site "Melk"]
[Date "1999.10.23"]
[Round "2.6.6"]
[White "Bawart, Markus"]
[Black "Weissenbeck, Manuel"]
[Result "1-0"]
[WhiteElo "2395"]
[BlackElo "2221"]
[PlyCount "55"]
[EventDate "1999.10.23"]

1. c4 Nf6 2. Nc3 g6 3. g3 Bg7 4. Bg2 O-O 5. Nf3 d6 6. O-O Nc6 7. Rb1 Bf5 8. d3
Qc8 9. Re1 e5 10. b4 Re8 11. b5 Nd4 12. Ng5 h6 13. Nge4 Nxe4 14. dxe4 Bd7 15.
a4 a6 16. b6 Be6 17. Nd5 cxb6 18. Nxb6 Qc7 19. e3 Nc6 20. Nxa8 Rxa8 21. Ba3 Bf8
22. Bf1 Na5 23. Bb4 Nxc4 24. a5 Nxa5 25. Bxa5 Qxa5 26. Rxb7 h5 27. Qa1 Qd2 28.
Rb2 1-0

[Event "AUT-chT 1999/2000"]
[Site "Melk"]
[Date "1999.10.24"]
[Round "3.1.1"]
[White "Blatny, Pavel"]
[Black "Hertneck, Gerald"]
[Result "1-0"]
[WhiteElo "2486"]
[BlackElo "2571"]
[PlyCount "117"]
[EventDate "1999.10.24"]

1. Nf3 d5 2. c4 d4 3. e3 Nc6 4. exd4 Nxd4 5. Nxd4 Qxd4 6. Nc3 e5 7. d3 Ne7 8.
Be3 Qd7 9. Be2 Nf5 10. Bg4 Bb4 11. Qb3 Qe7 12. Bxf5 Bxf5 13. O-O-O Bxc3 14.
Qxc3 O-O 15. d4 exd4 16. Bxd4 c5 17. Qe3 Qh4 18. Qe5 Qg4 19. Bc3 f6 20. Qxc5
Rac8 21. Qd4 Qxg2 22. Rhg1 Qc6 23. b3 b5 24. Qd5+ Be6 25. Rxg7+ Kxg7 26. Qg5+
Kf7 27. Qh5+ Kg8 28. Rg1+ Kh8 29. Qg5 Bg4 30. Rxg4 Rf7 31. Rf4 Rcf8 32. Qxb5
Qxb5 33. cxb5 Kg7 34. Bd4 Kg6 35. Be3 Re8 36. Kb2 f5 37. a4 Re4 38. Ka3 Rxf4
39. Bxf4 Kf6 40. Kb4 Ke6 41. a5 Kd7 42. a6 Kc8 43. Kc5 Re7 44. b6 axb6+ 45. Kc6
b5 46. b4 Re2 47. a7 Ra2 48. Be3 h5 49. h4 Rc2+ 50. Bc5 Ra2 51. Kd5 Kb7 52. Ke5
Ra1 53. Kxf5 Rg1 54. f4 Rg4 55. Be7 Kxa7 56. Bg5 Kb7 57. Kg6 Kc6 58. Kxh5 Rg1
59. Kg6 1-0

[Event "AUT-chT 1999/2000"]
[Site "Melk"]
[Date "1999.10.24"]
[Round "3.1.2"]
[White "Tischbierek, Raj"]
[Black "Loeffler, Stefan"]
[Result "1-0"]
[WhiteElo "2544"]
[BlackElo "2412"]
[PlyCount "58"]
[EventDate "1999.10.24"]

1. e4 Nf6 2. e5 Nd5 3. d4 d6 4. c4 Nb6 5. exd6 exd6 6. Nc3 Be7 7. h3 O-O 8. Nf3
c5 9. d5 Bf6 10. Be2 Bxc3+ 11. bxc3 Qf6 12. O-O Re8 13. Bg5 Qg6 14. Qd2 h6 15.
Bd3 Bf5 16. Nh4 Qxg5 17. Qxg5 hxg5 18. Nxf5 Rd8 19. f4 gxf4 20. Rae1 N8d7 21.
Nxd6 Ne5 22. Rxe5 Rxd6 23. Rxf4 Rad8 24. Re7 f6 25. Bf5 g5 26. Rfe4 Nd7 27. h4
a6 28. hxg5 fxg5 29. Be6+ Kh8 1-0

[Event "AUT-chT 1999/2000"]
[Site "Melk"]
[Date "1999.10.24"]
[Round "3.1.3"]
[White "Popovic, Petar"]
[Black "Ankerst, Michael"]
[Result "0-1"]
[WhiteElo "2473"]
[BlackElo "2353"]
[PlyCount "70"]
[EventDate "1999.10.24"]

1. e4 c5 2. Nf3 e6 3. d4 cxd4 4. Nxd4 Nf6 5. Nc3 Nc6 6. Nxc6 bxc6 7. e5 Nd5 8.
Ne4 Qc7 9. f4 Qa5+ 10. c3 f5 11. exf6 Nxf6 12. Nd6+ Bxd6 13. Qxd6 Ba6 14. Bxa6
Qxa6 15. Be3 Kf7 16. b3 Rhb8 17. Rd1 Qxa2 18. O-O Rxb3 19. Rd2 Rb2 20. Rxb2
Qxb2 21. Bd4 Qb8 22. Qc5 Qb5 23. Qd6 Qd5 24. Qc7 Ne4 25. Re1 Kg8 26. h3 a5 27.
Be5 a4 28. Rxe4 Qxe4 29. Qxd7 Qg6 30. Qxc6 Qe8 31. Qb7 Qf8 32. Bxg7 Qb8 33. Qd7
Qa7+ 34. Qxa7 Rxa7 35. Bd4 a3 0-1

[Event "AUT-chT 1999/2000"]
[Site "Melk"]
[Date "1999.10.24"]
[Round "3.1.4"]
[White "Opl, Klaus"]
[Black "Lau, Ralf"]
[Result "0-1"]
[WhiteElo "2330"]
[BlackElo "2502"]
[PlyCount "58"]
[EventDate "1999.10.24"]

1. d4 Nf6 2. c4 e6 3. Nc3 d5 4. Bg5 Be7 5. e3 h6 6. Bh4 O-O 7. Nf3 b6 8. Qc2
Bb7 9. Bxf6 Bxf6 10. cxd5 exd5 11. O-O-O c6 12. Kb1 Re8 13. g4 Bc8 14. h3 Na6
15. Be2 Nc7 16. Rdg1 g6 17. h4 Bg7 18. h5 g5 19. Bd3 c5 20. Ne2 Ne6 21. Bh7+
Kf8 22. Bf5 Ba6 23. Bxe6 Bxe2 24. Qxe2 Rxe6 25. Rd1 Qe7 26. dxc5 bxc5 27. Rxd5
Rb8 28. Rhd1 Rxb2+ 29. Qxb2 Bxb2 0-1

[Event "AUT-chT 1999/2000"]
[Site "Melk"]
[Date "1999.10.24"]
[Round "3.1.5"]
[White "Penz, Harald"]
[Black "Druckenthaner, Andreas"]
[Result "1-0"]
[WhiteElo "2403"]
[BlackElo "2300"]
[PlyCount "103"]
[EventDate "1999.10.24"]

1. e4 e5 2. Nf3 Nc6 3. Bc4 Bc5 4. b4 Bxb4 5. c3 Bc5 6. d4 exd4 7. O-O d6 8.
cxd4 Bb6 9. Nc3 Bg4 10. Bb5 Kf8 11. Be3 Bxf3 12. gxf3 Nge7 13. Kh1 h6 14. Rg1
g5 15. Rc1 f5 16. Bxc6 bxc6 17. f4 g4 18. f3 h5 19. fxg4 hxg4 20. exf5 Nxf5 21.
Qxg4 Qf6 22. Bf2 Re8 23. Rg2 Qf7 24. Re1 Rxe1+ 25. Bxe1 Qh5 26. d5 Qxg4 27.
Rxg4 Ne3 28. Rg5 Nxd5 29. Nxd5 cxd5 30. Rxd5 Rg8 31. Bg3 Kf7 32. Kg2 Ke6 33.
Rd2 Kf5 34. Kf3 Re8 35. Rd5+ Ke6 36. Rd3 d5 37. f5+ Kxf5 38. Rxd5+ Kg6 39. Rd2
Re3+ 40. Kf4 Ra3 41. Ke4 c5 42. Kd5 Rc3 43. Be5 Rc1 44. Bb2 Rf1 45. Rc2 Rf3 46.
Be5 Rf5 47. Ke6 Rh5 48. Rg2+ Rg5 49. Rxg5+ Kxg5 50. Kd5 Kg4 51. Bd6 Kh3 52. a4
1-0

[Event "AUT-chT 1999/2000"]
[Site "Melk"]
[Date "1999.10.24"]
[Round "3.1.6"]
[White "Eichler, Christoph"]
[Black "Bawart, Markus"]
[Result "1/2-1/2"]
[WhiteElo "2234"]
[BlackElo "2395"]
[PlyCount "59"]
[EventDate "1999.10.24"]

1. d4 g6 2. g3 f5 3. Bg2 Nf6 4. Nc3 d5 5. Nf3 Bg7 6. Bf4 c6 7. h4 Nbd7 8. a4 a5
9. e3 h6 10. Ne5 Nf8 11. Bf3 N6d7 12. Nd3 b6 13. Ne2 h5 14. Rc1 Ba6 15. b3 Rc8
16. c4 e6 17. O-O Nh7 18. cxd5 exd5 19. Kg2 Nhf6 20. Bg5 Bh6 21. Nef4 Bxg5 22.
hxg5 Ng4 23. Bxg4 fxg4 24. Nxg6 Rg8 25. Ngf4 Qxg5 26. Rh1 Nf6 27. Ne5 c5 28.
Rh4 Qf5 29. Qc2 Rg5 30. Qxf5 1/2-1/2

[Event "AUT-chT 1999/2000"]
[Site "Melk"]
[Date "1999.10.24"]
[Round "3.2.2"]
[White "Lehner, Oliver"]
[Black "Maiwald, Jens-Uwe"]
[Result "0-1"]
[WhiteElo "2401"]
[BlackElo "2507"]
[PlyCount "62"]
[EventDate "1999.10.24"]

1. d4 g6 2. c4 Bg7 3. Nc3 Nf6 4. e4 d6 5. h3 O-O 6. Bg5 c6 7. Nf3 Nbd7 8. Bd3
e5 9. d5 a5 10. Qd2 cxd5 11. cxd5 Nc5 12. Bc2 Bd7 13. O-O b5 14. Rfe1 b4 15.
Nd1 Qb8 16. a3 Qb5 17. Re3 Rfc8 18. a4 Qa6 19. b3 Rc7 20. Ne1 Rac8 21. Rb1 h6
22. Bh4 Nh5 23. f3 Nf4 24. Nf2 f5 25. g4 fxe4 26. fxe4 Qb6 27. Bd1 g5 28. Bg3
Nxh3+ 29. Nxh3 Nxe4 30. Qe2 Nc3 31. Qd3 e4 0-1

[Event "AUT-chT 1999/2000"]
[Site "Melk"]
[Date "1999.10.24"]
[Round "3.2.3"]
[White "Gross, David"]
[Black "Ganaus, Hannes"]
[Result "0-1"]
[WhiteElo "2427"]
[BlackElo "2344"]
[PlyCount "100"]
[EventDate "1999.10.24"]

1. e4 c6 2. d4 d5 3. Nd2 dxe4 4. Nxe4 Bf5 5. Ng3 Bg6 6. h4 h6 7. Nf3 Nf6 8. Ne5
Bh7 9. Bd3 Bxd3 10. Qxd3 e6 11. Bd2 Nbd7 12. f4 c5 13. Ng6 c4 14. Qxc4 fxg6 15.
h5 gxh5 16. O-O-O Nb6 17. Qxe6+ Qe7 18. Qh3 Qd7 19. Rhe1+ Kf7 20. f5 Kg8 21.
Re6 Qf7 22. Rde1 Nbd5 23. Kb1 Rc8 24. Ne2 Kh7 25. Qb3 Qc7 26. Rc1 b5 27. Qxb5
Rb8 28. Qd3 Bb4 29. c4 Bxd2 30. Qxd2 Nb6 31. Qd3 Rbc8 32. Ka1 Nbd5 33. Qg3 Qxg3
34. Nxg3 Nf4 35. Re7 Nd3 36. Rc3 Rhe8 37. Rxe8 Rxe8 38. Kb1 Ne1 39. d5 h4 40.
Nf1 Nxg2 41. b4 Re1+ 42. Rc1 Rxc1+ 43. Kxc1 h3 44. Kd2 Kg8 45. Kd3 Kf8 46. a4
Ke8 47. Kd4 Nh4 48. Kc5 Nxf5 49. Kc6 Ne3 50. c5 Nxf1 0-1

[Event "AUT-chT 1999/2000"]
[Site "Melk"]
[Date "1999.10.24"]
[Round "3.2.4"]
[White "Neubauer, Martin"]
[Black "Proehl, Holger"]
[Result "1/2-1/2"]
[WhiteElo "2348"]
[BlackElo "2389"]
[PlyCount "71"]
[EventDate "1999.10.24"]

1. e4 e6 2. d4 d5 3. exd5 exd5 4. c4 Nf6 5. Nc3 Be7 6. Bd3 dxc4 7. Bxc4 O-O 8.
Nge2 Nbd7 9. O-O Nb6 10. Bb3 Nbd5 11. Nf4 c6 12. Nfxd5 Nxd5 13. Nxd5 cxd5 14.
Qf3 Be6 15. Bf4 Qb6 16. Be5 Bd6 17. Bxd6 Qxd6 18. Rfe1 Rfd8 19. Re3 f6 20. Rae1
Bf7 21. Re7 Rd7 22. Rxd7 Qxd7 23. h4 h5 24. Rc1 Qd6 25. Qf5 g6 26. Qf3 Re8 27.
g3 Kg7 28. Qc3 Re2 29. Bd1 Re7 30. Bf3 Qd7 31. b3 b6 32. Kg2 g5 33. Re1 g4 34.
Bd1 Bg6 35. Rxe7+ Qxe7 36. Qe3 1/2-1/2

[Event "AUT-chT 1999/2000"]
[Site "Melk"]
[Date "1999.10.24"]
[Round "3.2.5"]
[White "Kleissl, Helmut"]
[Black "Neumeier, Klaus"]
[Result "1/2-1/2"]
[WhiteElo "2279"]
[BlackElo "2272"]
[PlyCount "80"]
[EventDate "1999.10.24"]

1. c4 g6 2. Nc3 Bg7 3. d4 Nf6 4. e4 d6 5. Bd3 O-O 6. Nge2 Nc6 7. O-O Nd7 8. d5
Nce5 9. f4 Nxd3 10. Qxd3 c6 11. Be3 Qa5 12. Bd4 Nc5 13. Qe3 Bxd4 14. Nxd4 e5
15. fxe5 dxe5 16. Nf3 Nd7 17. Kh1 f6 18. b3 Qc5 19. Qh6 Qe7 20. Rad1 a5 21. Rd2
g5 22. Rdf2 Qg7 23. Qxg7+ Kxg7 24. dxc6 bxc6 25. Na4 Ra7 26. Ne1 Kf7 27. Nd3
Ke7 28. Rd2 Rd8 29. Ndc5 Nxc5 30. Rxd8 Kxd8 31. Nxc5 Ke7 32. Rd1 h5 33. Kg1 h4
34. Kf2 h3 35. g3 Bg4 36. Rd2 Ra8 37. Ke3 Ra7 38. Na4 Rc7 39. c5 Be6 40. Nb6 g4
1/2-1/2

[Event "AUT-chT 1999/2000"]
[Site "Melk"]
[Date "1999.10.24"]
[Round "3.2.6"]
[White "Raubal, Martin"]
[Black "Schiestl, Josef"]
[Result "1/2-1/2"]
[WhiteElo "2204"]
[BlackElo "2204"]
[PlyCount "80"]
[EventDate "1999.10.24"]

1. e4 c5 2. c3 Nf6 3. e5 Nd5 4. d4 cxd4 5. Nf3 Nc6 6. Bc4 Nb6 7. Bb3 d5 8. exd6
e6 9. O-O Bxd6 10. cxd4 O-O 11. Nc3 Bd7 12. Ne4 Be7 13. Bf4 Nb4 14. a3 N4d5 15.
Bd2 Nf6 16. Nc5 Bc6 17. Be3 Nbd7 18. Nxd7 Nxd7 19. d5 Bxd5 20. Bxd5 exd5 21.
Qxd5 b6 22. Rfd1 Nc5 23. Qe5 Qe8 24. b4 Ne6 25. Rac1 Rc8 26. h3 Bf6 27. Qd5
Rxc1 28. Bxc1 Qe7 29. Qc6 Rd8 30. Rxd8+ Qxd8 31. Kh2 Qc7+ 32. Qxc7 Nxc7 33. Bf4
Nd5 34. Bb8 a6 35. Ne5 Bxe5+ 36. Bxe5 f6 37. Bd4 Kf7 38. Kg3 Ke6 39. Kf3 b5 40.
g3 g6 1/2-1/2

[Event "AUT-chT 1999/2000"]
[Site "Melk"]
[Date "1999.10.24"]
[Round "3.3.2"]
[White "Rabiega, Robert"]
[Black "Weinzettl, Ernst"]
[Result "1/2-1/2"]
[WhiteElo "2471"]
[BlackElo "2401"]
[PlyCount "75"]
[EventDate "1999.10.24"]

1. e4 e6 2. d3 c5 3. Nf3 Nc6 4. g3 Nge7 5. h4 h6 6. h5 d5 7. e5 Qc7 8. Qe2 g5
9. hxg6 Nxg6 10. Rh5 Bg7 11. Bf4 Bd7 12. Nbd2 O-O-O 13. O-O-O f6 14. exf6 Nxf4
15. gxf4 Bxf6 16. Qe3 Bd4 17. Nxd4 cxd4 18. Qe2 Nb4 19. Nb3 Qxf4+ 20. Kb1 Rdf8
21. Bh3 Qxf2 22. Qxf2 Rxf2 23. Nc5 b6 24. Nxe6 Kb8 25. Rc1 Rh2 26. Nf4 Bxh3 27.
Nxh3 Rc8 28. Nf4 Rxh5 29. Nxh5 Rf8 30. a3 Nc6 31. Re1 Rf5 32. Ng7 Rg5 33. Ne6
Re5 34. Rxe5 Nxe5 35. Nxd4 h5 36. Nf5 Kc7 37. Kc1 Ng6 38. Kd2 1/2-1/2

[Event "AUT-chT 1999/2000"]
[Site "Melk"]
[Date "1999.10.24"]
[Round "3.3.3"]
[White "Herzog, Adolf"]
[Black "Lipinsky, Fabian"]
[Result "1-0"]
[WhiteElo "2399"]
[BlackElo "2339"]
[PlyCount "149"]
[EventDate "1999.10.24"]

1. d4 d5 2. Nf3 Nf6 3. e3 g6 4. Be2 Bg7 5. O-O O-O 6. b3 c5 7. c3 Nc6 8. Bb2
Ne4 9. Nbd2 e5 10. dxc5 Nxc5 11. Ba3 b6 12. b4 Ne6 13. b5 Ne7 14. Qa4 Qc7 15.
Rac1 Nc5 16. Qb4 a5 17. Qb2 Bf5 18. c4 d4 19. Bxc5 bxc5 20. e4 Bd7 21. Ne1 Bh6
22. Nd3 Nc8 23. Nb3 Bxc1 24. Rxc1 Bxb5 25. cxb5 c4 26. f4 a4 27. Nd2 c3 28. Qb4
Qb7 29. Nf3 Qxe4 30. Bf1 Nb6 31. fxe5 Rfd8 32. Qe7 Nd5 33. Qxf7+ Kxf7 34. Ng5+
Kg7 35. Nxe4 Ne3 36. Nec5 Rd5 37. b6 Rb8 38. b7 Ng4 39. g3 Re8 40. Bh3 Nxe5 41.
Nxe5 Rxc5 42. Nd3 Rc7 43. Bc8 Rcxc8 44. bxc8=Q Rxc8 45. Kf2 Rb8 46. Kf3 a3 47.
Rc2 Rb2 48. Rf2 Kh6 49. Ke4 Kg5 50. Kxd4 Rxf2 51. Nxf2 c2 52. Nd3 Kg4 53. Kc3
Kh3 54. Kxc2 Kxh2 55. g4 Kg3 56. g5 Kh4 57. Kb3 Kxg5 58. Kxa3 h5 59. Kb4 h4 60.
a4 h3 61. a5 h2 62. Nf2 Kf4 63. a6 Kg3 64. Nh1+ Kg2 65. a7 Kxh1 66. a8=Q+ Kg1
67. Qa1+ Kg2 68. Qb2+ Kg1 69. Qc1+ Kg2 70. Qd2+ Kg1 71. Qg5+ Kf2 72. Qh4+ Kg2
73. Qg4+ Kf2 74. Qh3 Kg1 75. Qg3+ 1-0

[Event "AUT-chT 1999/2000"]
[Site "Melk"]
[Date "1999.10.24"]
[Round "3.3.4"]
[White "Herndl, Harald"]
[Black "Staudner, Oliver"]
[Result "0-1"]
[WhiteElo "2342"]
[BlackElo "2368"]
[PlyCount "148"]
[EventDate "1999.10.24"]

1. d4 Nf6 2. c4 g6 3. Nc3 Bg7 4. e4 d6 5. Nf3 O-O 6. Be2 e5 7. O-O Na6 8. Be3
Ng4 9. Bg5 Qe8 10. h3 h6 11. Bc1 Nf6 12. dxe5 dxe5 13. Be3 Qe7 14. Nd5 Qd8 15.
Nxf6+ Qxf6 16. c5 Nb8 17. Qb3 Nc6 18. Rfd1 Rb8 19. Qa4 Qe7 20. b4 a6 21. Bc4
Kh8 22. Bd5 Bd7 23. Qb3 f5 24. Rd3 f4 25. Bd2 g5 26. Bc3 h5 27. Kf1 g4 28. hxg4
hxg4 29. Nd2 Qh4 30. Ke2 Qh2 31. Qd1 Rf6 32. Qg1 Qh7 33. Bg8 Qxg8 34. Rxd7 Qe8
35. Rd3 Qe6 36. f3 Rg6 37. Qf2 Rh6 38. fxg4 Qxg4+ 39. Qf3 Qe6 40. a3 Rg8 41.
Rg1 Bf6 42. Qf1 Rh2 43. Kd1 Rg7 44. Nf3 Rhh7 45. Kc1 Qa2 46. Bb2 Qc4+ 47. Rc3
Qxe4 48. Nd2 Qg6 49. Rc4 Rd7 50. Qe2 Qd3 51. Qxd3 Rxd3 52. Re4 Rg3 53. Nf3 Kg8
54. a4 Rhg7 55. b5 axb5 56. axb5 Rxf3 57. bxc6 bxc6 58. Bxe5 Bxe5 59. Rxe5 Rf2
60. Rf5 f3 61. g4 Re7 62. Rg5+ Kf7 63. Rf5+ Kg6 64. Rf8 Ree2 65. g5 Rc2+ 66.
Kb1 Rxc5 67. Rf6+ Kg7 68. Rf4 Rb5+ 69. Kc1 Ra5 70. Kb1 Rfa2 71. Rg3 f2 72. Rgf3
Ra1+ 73. Kc2 R5a2+ 74. Kd3 Rd1+ 0-1

[Event "AUT-chT 1999/2000"]
[Site "Melk"]
[Date "1999.10.24"]
[Round "3.3.5"]
[White "Roth, Peter"]
[Black "Ebner, Hubert"]
[Result "1/2-1/2"]
[WhiteElo "2312"]
[BlackElo "2245"]
[PlyCount "36"]
[EventDate "1999.10.24"]

1. e4 c5 2. Nc3 g6 3. f4 Bg7 4. Nf3 Nc6 5. Bc4 e6 6. d3 Nge7 7. e5 d6 8. exd6
Qxd6 9. O-O O-O 10. Kh1 b6 11. Qe1 Bb7 12. Ne4 Qc7 13. Qh4 h6 14. Nf6+ Kh8 15.
Ne4 Nf5 16. Qh3 Ncd4 17. Nxd4 cxd4 18. Bb3 Rfd8 1/2-1/2

[Event "AUT-chT 1999/2000"]
[Site "Melk"]
[Date "1999.10.24"]
[Round "3.3.6"]
[White "Spindelboeck, Gernot"]
[Black "Plank, Franz"]
[Result "1/2-1/2"]
[WhiteElo "2235"]
[BlackElo "2264"]
[PlyCount "41"]
[EventDate "1999.10.24"]

1. d4 d5 2. c4 e6 3. Qc2 Nf6 4. g3 dxc4 5. Nf3 b5 6. a4 c6 7. Bg2 Bb7 8. O-O
Nbd7 9. Nc3 a6 10. e4 Be7 11. Bg5 h6 12. Bf4 Qb6 13. Rfd1 O-O 14. h3 Rac8 15.
Ne5 Rfd8 16. Qe2 Nxe5 17. Bxe5 c5 18. d5 Nd7 19. Bf4 exd5 20. Nxd5 Bxd5 21.
Rxd5 1/2-1/2

[Event "AUT-chT 1999/2000"]
[Site "Melk"]
[Date "1999.10.24"]
[Round "3.4.2"]
[White "Marciano, David"]
[Black "Chernin, Alexandere"]
[Result "1/2-1/2"]
[WhiteElo "2533"]
[BlackElo "2606"]
[PlyCount "27"]
[EventDate "1999.10.24"]

1. e4 e6 2. d4 d5 3. Nd2 c5 4. exd5 Qxd5 5. Ngf3 cxd4 6. Bc4 Qd8 7. O-O Nc6 8.
Nb3 a6 9. Nbxd4 Nxd4 10. Nxd4 Qc7 11. Qe2 Nf6 12. h3 Bc5 13. Nf3 O-O 14. Ne5
1/2-1/2

[Event "AUT-chT 1999/2000"]
[Site "Melk"]
[Date "1999.10.24"]
[Round "3.4.3"]
[White "Stanec, Nikolaus"]
[Black "Volkmann, Friedrich Karl"]
[Result "1/2-1/2"]
[WhiteElo "2495"]
[BlackElo "2427"]
[PlyCount "45"]
[EventDate "1999.10.24"]

1. e4 c5 2. Nc3 Nc6 3. Nge2 g6 4. d4 cxd4 5. Nxd4 Bg7 6. Nb3 Bxc3+ 7. bxc3 Nf6
8. Bd3 d5 9. exd5 Qxd5 10. O-O O-O 11. Re1 Bf5 12. c4 Qd6 13. Qe2 Bxd3 14. cxd3
e5 15. Bb2 Rad8 16. Rad1 Rfe8 17. h3 Re6 18. Qe3 b6 19. Qg5 Nh5 20. g3 Qe7 21.
Qxe7 Rxe7 22. c5 b5 23. Rd2 1/2-1/2

[Event "AUT-chT 1999/2000"]
[Site "Melk"]
[Date "1999.10.24"]
[Round "3.4.4"]
[White "Schroll, Gerhard"]
[Black "Kindermann, Stefan"]
[Result "0-1"]
[WhiteElo "2435"]
[BlackElo "2532"]
[PlyCount "96"]
[EventDate "1999.10.24"]

1. d4 Nf6 2. c4 g6 3. Nc3 Bg7 4. e4 d6 5. Be2 O-O 6. Nf3 e5 7. dxe5 dxe5 8.
Qxd8 Rxd8 9. Bg5 Re8 10. Rd1 Na6 11. Nd2 c6 12. f3 Nd7 13. Be3 Ndc5 14. a3 Ne6
15. Nb3 Bf8 16. Na4 b6 17. g3 Bb7 18. c5 b5 19. Na5 bxa4 20. Nxb7 Naxc5 21.
Nxc5 Bxc5 22. Bxc5 Nxc5 23. Bc4 Rab8 24. Rd2 Re7 25. Kd1 Reb7 26. Kc1 Nb3+ 27.
Bxb3 Rxb3 28. Rf1 Re3 29. Rc2 Rbb3 30. Rxc6 Rxf3 31. Rxf3 Rxf3 32. Ra6 Rf1+ 33.
Kd2 Rf2+ 34. Kc3 Rxh2 35. Rxa7 Rg2 36. Rxa4 Rxg3+ 37. Kc4 h5 38. Ra5 h4 39. Rd5
h3 40. Rd1 h2 41. Rh1 Rg2 42. b4 g5 43. b5 g4 44. Kc3 g3 45. b6 Rb2 46. Rxh2
gxh2 47. Kxb2 h1=Q 48. b7 Qg2+ 0-1

[Event "AUT-chT 1999/2000"]
[Site "Melk"]
[Date "1999.10.24"]
[Round "3.4.5"]
[White "Luther, Thomas"]
[Black "Neulinger, Manfred"]
[Result "1-0"]
[WhiteElo "2508"]
[BlackElo "2328"]
[PlyCount "123"]
[EventDate "1999.10.24"]

1. e4 c6 2. d4 d5 3. Nd2 dxe4 4. Nxe4 Bf5 5. Ng3 Bg6 6. h4 h6 7. Nf3 Nf6 8. Ne5
Bh7 9. Bd3 Bxd3 10. Qxd3 e6 11. Bd2 Nbd7 12. f4 Be7 13. O-O-O O-O 14. Qe2 c5
15. dxc5 Nxc5 16. Kb1 Qc7 17. Be3 Rad8 18. Bd4 Bd6 19. Nh5 Nxh5 20. Qxh5 Ne4
21. Qf3 f5 22. Qe3 Bxe5 23. Bxe5 Rxd1+ 24. Rxd1 Rd8 25. Rxd8+ Qxd8 26. b3 a6
27. Qa7 Qd7 28. Kb2 h5 29. a4 Kf7 30. Qb8 Nf2 31. Qa7 Ne4 32. Qb6 Nd2 33. Qe3
Ne4 34. Qa7 Nd2 35. Qb6 Ne4 36. Qa7 Nd2 37. Qb8 Ne4 38. Qa8 Kg6 39. Qg8 Nf2 40.
Qf8 Nd1+ 41. Ka2 Ne3 42. Qc5 Nd5 43. c4 Nf6 44. Ka3 Ne4 45. Qc7 Qxc7 46. Bxc7
Kf7 47. Kb4 Ke7 48. Ka5 Kd7 49. Kb6 Kc8 50. Be5 Nd2 51. c5 Nxb3 52. c6 bxc6 53.
Kxc6 g6 54. Kd6 Kd8 55. Kxe6 Nc5+ 56. Kf6 Ne4+ 57. Kxg6 Ng3 58. Bc3 Ke7 59. Be1
Nf1 60. Kxh5 Ne3 61. Kg5 Nxg2 62. Bf2 1-0

[Event "AUT-chT 1999/2000"]
[Site "Melk"]
[Date "1999.10.24"]
[Round "3.4.6"]
[White "Posch, Werner"]
[Black "Teske, Henrik"]
[Result "0-1"]
[WhiteElo "2267"]
[BlackElo "2514"]
[PlyCount "88"]
[EventDate "1999.10.24"]

1. e4 c5 2. Nc3 Nc6 3. g3 g6 4. Bg2 Bg7 5. d3 e5 6. f4 Nge7 7. fxe5 Nxe5 8. Nf3
d6 9. Nxe5 dxe5 10. Be3 b6 11. Qd2 Be6 12. Bh6 O-O 13. O-O c4 14. Bxg7 Kxg7 15.
Qf2 cxd3 16. Rfd1 Qc7 17. Rxd3 Rac8 18. Rd2 Rfd8 19. Rad1 Rxd2 20. Rxd2 a6 21.
Nd5 Bxd5 22. exd5 Qd6 23. g4 b5 24. Be4 Rc4 25. Qf3 Nc8 26. Rf2 Qe7 27. b3 Rc7
28. c3 Nd6 29. Rc2 Qg5 30. Kh1 Qh4 31. Re2 Qf6 32. Kg2 Qg5 33. Bc2 h5 34. h3
hxg4 35. hxg4 Rc8 36. Qg3 f6 37. Re3 Rh8 38. Bd3 Qh6 39. Kf1 Qh1+ 40. Qg1 Qxd5
41. Qg2 Rh1+ 42. Kf2 Qxg2+ 43. Kxg2 Rc1 44. Be2 e4 0-1

[Event "AUT-chT 1999/2000"]
[Site "Melk"]
[Date "1999.10.24"]
[Round "3.5.1"]
[White "Berndt, Stephan"]
[Black "Hoelzl, Franz"]
[Result "1/2-1/2"]
[WhiteElo "2500"]
[BlackElo "2428"]
[PlyCount "63"]
[EventDate "1999.10.24"]

1. e4 c5 2. Nc3 d6 3. f4 Nc6 4. Nf3 Nf6 5. Bb5 e6 6. Bxc6+ bxc6 7. d3 Nd7 8.
O-O Be7 9. Kh1 O-O 10. Qe1 a5 11. b3 Ba6 12. Bb2 d5 13. f5 d4 14. Ne2 exf5 15.
exf5 Nf6 16. Bc1 Re8 17. Bd2 Bd6 18. Qd1 Nd5 19. Ng3 Bxg3 20. hxg3 Qd6 21. Ng5
Qh6+ 22. Kg1 Ne3 23. Bxe3 Rxe3 24. Qg4 Rae8 25. Rf2 Bc8 26. Ne4 Re5 27. Raf1
Kf8 28. Qh4 Qxh4 29. gxh4 f6 30. Kh2 Ba6 31. Rg1 a4 32. g4 1/2-1/2

[Event "AUT-chT 1999/2000"]
[Site "Melk"]
[Date "1999.10.24"]
[Round "3.5.2"]
[White "Horvath, Csaba"]
[Black "Polzin, Rainer"]
[Result "1-0"]
[WhiteElo "2512"]
[BlackElo "2472"]
[PlyCount "65"]
[EventDate "1999.10.24"]

1. d4 Nf6 2. c4 g6 3. Nc3 Bg7 4. e4 d6 5. Be2 O-O 6. Bg5 c6 7. Qd2 a6 8. Rd1 b5
9. a3 Ra7 10. cxb5 axb5 11. Nf3 Qb6 12. O-O b4 13. axb4 Qxb4 14. h3 Rb7 15. e5
Ne8 16. Rfe1 Be6 17. Bf1 Bb3 18. Rc1 d5 19. Nb1 Qb6 20. Qc3 Ba2 21. Nbd2 h6 22.
Bh4 g5 23. Bg3 Nc7 24. b3 Nca6 25. e6 f5 26. Be5 Nb4 27. Bxg7 Kxg7 28. Ne5 Rf6
29. Nd3 N4a6 30. Nb2 Qc7 31. Na4 Qd6 32. Ra1 Nc7 33. Rxa2 1-0

[Event "AUT-chT 1999/2000"]
[Site "Melk"]
[Date "1999.10.24"]
[Round "3.5.3"]
[White "Schwarz, Michael"]
[Black "Moser, Guenter"]
[Result "1-0"]
[WhiteElo "2374"]
[BlackElo "2315"]
[PlyCount "71"]
[EventDate "1999.10.24"]

1. d4 d5 2. Nf3 Nf6 3. g3 g6 4. Bg2 Bg7 5. O-O O-O 6. c4 c6 7. Qb3 dxc4 8. Qxc4
Be6 9. Qb4 Bc8 10. Nc3 Na6 11. Qb3 Nc7 12. e4 e5 13. dxe5 Nd7 14. Rd1 Qe8 15.
Be3 Ne6 16. Rd2 Qe7 17. Rad1 Re8 18. Qc4 Nxe5 19. Nxe5 Bxe5 20. f4 Bg7 21. e5
Nd8 22. Bc5 Qc7 23. Bf3 Bf5 24. g4 Be6 25. Qd4 Qa5 26. b4 Qa6 27. Qxd8 h5 28.
Qd3 Qxd3 29. Rxd3 hxg4 30. Bg2 g5 31. Be3 a5 32. b5 Bc4 33. Rd7 cxb5 34. Bxb7
Rab8 35. Ba7 Rxb7 36. Rxb7 1-0

[Event "AUT-chT 1999/2000"]
[Site "Melk"]
[Date "1999.10.24"]
[Round "3.5.4"]
[White "Steflitsch, Erich"]
[Black "Danner, Georg"]
[Result "1-0"]
[WhiteElo "2336"]
[BlackElo "2407"]
[PlyCount "95"]
[EventDate "1999.10.24"]

1. e4 c5 2. Nf3 d6 3. d4 Nf6 4. Nc3 cxd4 5. Nxd4 a6 6. Be2 e5 7. Nb3 Be7 8. Be3
O-O 9. g4 Be6 10. g5 Nfd7 11. Rg1 Nb6 12. Nd5 Nxd5 13. exd5 Bf5 14. Bd3 Bxd3
15. Qxd3 Nd7 16. O-O-O Qc7 17. Rg3 Rac8 18. Nd2 f5 19. gxf6 Nxf6 20. Rdg1 Rf7
21. Kb1 Qd7 22. Bg5 e4 23. Nxe4 Nxe4 24. Qxe4 Bxg5 25. Rxg5 Re8 26. Qd4 Re2 27.
a3 g6 28. R1g2 Qe7 29. R5g4 Rexf2 30. Rxf2 Qe1+ 31. Ka2 Qxf2 32. Qc3 Qxh2 33.
Re4 Qf2 34. Re6 Qf4 35. b3 b5 36. Qc6 Kg7 37. Rxd6 Qd4 38. Rd7 h5 39. Rxf7+
Kxf7 40. Qe6+ Kg7 41. d6 Qf6 42. Qd7+ Kh6 43. Qe7 Kg5 44. Qe3+ Kf5 45. d7 Qd8
46. Qe8 Qc7 47. Qc8 Qxc2+ 48. Qxc2+ 1-0

[Event "AUT-chT 1999/2000"]
[Site "Melk"]
[Date "1999.10.24"]
[Round "3.5.5"]
[White "Kotz, Heinz Peter"]
[Black "Titz, Heimo"]
[Result "1/2-1/2"]
[WhiteElo "2260"]
[BlackElo "2297"]
[PlyCount "73"]
[EventDate "1999.10.24"]

1. e4 c5 2. Nf3 Nc6 3. d4 cxd4 4. Nxd4 Nf6 5. Nc3 d6 6. Bc4 e6 7. Be3 a6 8. Qe2
Qc7 9. Bb3 Na5 10. O-O-O b5 11. f3 Nxb3+ 12. axb3 b4 13. Na4 Bd7 14. g4 h6 15.
h4 Bxa4 16. bxa4 Nd7 17. Kb1 Nc5 18. b3 g6 19. Qd2 Qb7 20. Ne2 Rc8 21. Bd4 e5
22. Bb2 h5 23. gxh5 Rxh5 24. Ng3 Rh6 25. h5 a5 26. f4 gxh5 27. fxe5 h4 28. Nf5
Nxe4 29. Qf4 dxe5 30. Qxe5+ Re6 31. Ng7+ Bxg7 32. Qxg7 Qc6 33. Qh8+ Ke7 34.
Qxh4+ Ke8 35. Qh8+ Ke7 36. Qh4+ Ke8 37. Qh8+ 1/2-1/2